| 000 | 00718cam a2200241 4500 | ||
|---|---|---|---|
| 008 | 090401t1991 xxu||||| |||| 00| 0 eng d | ||
| 020 | _a9519620370 | ||
| 035 | _a(Sirsi) u1170 | ||
| 041 | _aeng | ||
| 050 | _a333.33 | ||
| 110 | _aFederation International Des Geometres | ||
| 245 | _aSurveyor`s contribution to land management. | ||
| 260 |
_aHelsinki _bFIG Bureau _c1991 |
||
| 300 | _a22p. ; 20cm. | ||
| 350 | _a0 | ||
| 490 |
_aFIG Publication _v5 s |
||
| 520 | _aIncludes FIG Publication, no 4, which is the English edition. This text also includes French and German translations. | ||
| 650 | _aLAND MANAGEMENT | ||
| 650 | _aSURVEYORS | ||
| 690 | _aLAND SURVEYING | ||
| 942 | _n0 | ||
| 948 | _c04/03/1997 | ||
| 999 |
_c85637 _d85637 |
||